[Event "Mercredi 2014.11.19 ABCDEF"]
[Site "Montreal CAN"]
[Date "2014.11.26"]
[Round "2"]
[White "Lacroix, Serge"]
[Black "Tsypin, Allison"]
[Result "1/2-1/2"]
[WhiteElo "1628"]
[BlackElo "1575"]
[PlyCount "65"]
[EventDate "2014.11.19"]
[EventType "tourn"]
[EventRounds "5"]
[EventCountry "CAN"]

1. b3 e5 2. Bb2 Nc6 3. c4 Nf6 4. e3 Be7 5. d4 exd4 6. exd4 d5 7. Nf3 O-O 8. Be2
Bb4+ 9. Bc3 Re8 10. Bxb4 Nxb4 11. a3 Nc6 12. c5 Qe7 13. Nc3 Qe6 14. O-O Ne4 15.
Nxe4 Qxe4 16. Re1 Qg6 17. Bd3 Rxe1+ 18. Qxe1 Qe6 19. Bxh7+ Kf8 20. Qxe6 Bxe6
21. Bc2 Re8 22. Kf1 Bg4 23. Re1 Bxf3 24. Rxe8+ Kxe8 25. gxf3 Nxd4 26. Bd1 Ke7
27. Ke1 Ke6 28. Kd2 Ke5 29. Kd3 Ne6 30. b4 c6 31. Ke3 f5 32. Kd3 f4 33. Kc3
1/2-1/2

[Event "Mercredi 2014.11.19 ABCDEF"]
[Site "Montreal CAN"]
[Date "2014.12.03"]
[Round "3"]
[White "Lamoureux, Yvon"]
[Black "Lacroix, Serge"]
[Result "1-0"]
[WhiteElo "1558"]
[BlackElo "1628"]
[PlyCount "70"]
[EventDate "2014.11.19"]
[EventType "tourn"]
[EventRounds "5"]
[EventCountry "CAN"]

1. e4 e5 2. Nf3 Nc6 3. Bb5 a6 4. Bxc6 dxc6 5. d4 exd4 6. Qxd4 Qxd4 7. Nxd4 c5
8. Ne2 Nf6 9. f3 Bd7 10. Kf2 O-O-O 11. Nbc3 Bd6 12. Bf4 Bxf4 13. Nxf4 Be6 14.
Rad1 Rxd1 15. Rxd1 Rd8 16. h4 Rxd1 17. Nxd1 Kd7 18. Nd3 Ke7 19. Nxc5 Nd7 20.
Nxd7 Bxd7 21. Ke3 f5 22. Nc3 fxe4 23. Nxe4 b6 24. c3 Be6 25. a3 h6 26. Kd4 Bb3
27. Ke5 Bc2 28. Nd2 Bd3 29. g4 Be2 30. g5 hxg5 31. hxg5 Bd1 32. f4 g6 33. Nf1
Be2 34. Ne3 Bd3 35. Nd5+ Kd7 1-0

[Event "Mercredi 2014.09.03 ABCDE"]
[Site "Montreal CAN"]
[Date "2014.09.03"]
[Round "1"]
[White "Lacroix, Serge"]
[Black "Gates, Claude-Eric"]
[Result "0-1"]
[WhiteElo "1665"]
[BlackElo "1637"]
[PlyCount "101"]
[EventDate "2014.09.03"]
[EventType "tourn"]
[EventRounds "5"]
[EventCountry "CAN"]

1. e4 d5 2. exd5 Nf6 3. d4 Nxd5 4. Nf3 Bf5 5. Bd3 Bxd3 6. Qxd3 c6 7. O-O e6 8.
Re1 Be7 9. c4 Nf6 10. Nc3 O-O 11. Bg5 Re8 12. Rad1 Na6 13. a3 Qb6 14. b4 Rad8
15. Bf4 c5 16. bxc5 Nxc5 17. Qc2 Qb3 18. Qxb3 Nxb3 19. Nb5 Rc8 20. Rb1 Na5 21.
Nc7 Red8 22. c5 Nd5 23. Nxd5 Rxd5 24. Be5 Rc6 25. Bb8 Ra6 26. Bc7 Rd7 27. Be5
f6 28. Bf4 Kf7 29. g4 Nc6 30. Rb3 Nxd4 31. Nxd4 Rxd4 32. Bg3 Bxc5 33. Rxb7+ Kg6
34. h4 Rxg4 35. Kh2 e5 36. Kh3 h5 37. Rc1 Bb6 38. Rd1 Rxa3 39. Rdd7 Kf5 40.
Rxg7 Rxg7 41. Rxg7 Bxf2 42. Rh7 Rxg3+ 43. Kh2 Kg6 44. Rh8 Rg4 45. Rg8+ Kf5 46.
Rh8 Bg3+ 47. Kh3 Bxh4 48. Rxh5+ Bg5 49. Rh7 Rh4+ 50. Rxh4 Bxh4 51. Kxh4 0-1

[Event "Mercredi 2014.09.03 ABCDE"]
[Site "Montreal CAN"]
[Date "2014.09.10"]
[Round "2"]
[White "Millette, Sylvain"]
[Black "Lacroix, Serge"]
[Result "1/2-1/2"]
[WhiteElo "1727"]
[BlackElo "1665"]
[PlyCount "55"]
[EventDate "2014.09.03"]
[EventType "tourn"]
[EventRounds "5"]
[EventCountry "CAN"]

1. Nf3 Nf6 2. g3 g6 3. Bg2 Bg7 4. d4 c5 5. O-O cxd4 6. Nxd4 O-O 7. b3 Nc6 8.
Nxc6 dxc6 9. Bb2 Bg4 10. Nd2 Qd7 11. Nf3 Qxd1 12. Rfxd1 Rfd8 13. h3 Be6 14. c4
Ne4 15. Nd4 Bxd4 16. Bxd4 Nd6 17. e4 f5 18. exf5 Nxf5 19. Bb2 Kf7 20. Kf1 h5
21. Rac1 Rd6 22. Be5 Rxd1+ 23. Rxd1 a5 24. Ke2 a4 25. Kd3 axb3 26. axb3 Nd6 27.
Kc3 Ra2 28. Rd2 1/2-1/2

[Event "Mercredi 2014.09.03 ABCDE"]
[Site "Montreal CAN"]
[Date "2014.09.17"]
[Round "3"]
[White "Lacroix, Serge"]
[Black "Gauthier, Luc"]
[Result "1-0"]
[WhiteElo "1665"]
[BlackElo "1762"]
[PlyCount "179"]
[EventDate "2014.09.03"]
[EventType "tourn"]
[EventRounds "5"]
[EventCountry "CAN"]

1. e4 Nf6 2. e5 Nd5 3. d4 d6 4. c4 Nb6 5. exd6 exd6 6. Nf3 Be7 7. Nc3 Bg4 8.
Be2 O-O 9. O-O Bf6 10. Be3 Nc6 11. b3 Re8 12. Qd2 d5 13. c5 Nc8 14. h3 Be6 15.
a3 a6 16. b4 N6e7 17. Ng5 Ng6 18. Nxe6 Rxe6 19. Bg4 Re8 20. a4 Nf8 21. Rfe1 Ne6
22. Bxe6 Rxe6 23. Bf4 Rxe1+ 24. Rxe1 Ne7 25. Be5 Bxe5 26. Rxe5 c6 27. Ne2 Ng6
28. Re3 Qd7 29. Ng3 Kf8 30. Qe1 Re8 31. Rxe8+ Qxe8 32. Qxe8+ Kxe8 33. Nf5 Kf8
34. Nd6 Nf4 35. Kf1 Ne6 36. Ke2 Nd8 37. b5 Ke7 38. Nxb7 cxb5 39. axb5 axb5 40.
Nd6 b4 41. Nf5+ Kf6 42. Ne3 Ke6 43. Nc2 Nc6 44. Kd3 f5 45. f4 h5 46. g3 g6 47.
Ne3 Ne7 48. g4 Kd7 49. gxh5 gxh5 50. Nc2 Nc6 51. Ne3 Ne7 52. Kc2 Kc6 53. Kb3
Kb5 54. Kc2 Ka4 55. Kb2 b3 56. Kc3 Ka3 57. Nd1 Ka2 58. Nb2 Nc6 59. Nd3 Ka3 60.
h4 Ka2 61. Nc1+ Ka3 62. Nxb3 Ne7 63. Nd2 Ka4 64. Nf1 Kb5 65. Ng3 Ng6 66. Nxh5
Nxh4 67. Nf6 Kc6 68. Kd3 Ng6 69. Ke3 Nf8 70. Nh5 Ng6 71. Nf6 Ne7 72. Ne8 Kd7
73. Nd6 Ke6 74. Nb5 Kd7 75. Kf3 Ke6 76. Kg3 Kf6 77. Nc7 Kg6 78. Kh4 Nc6 79.
Nxd5 Nxd4 80. Nb4 Kf6 81. c6 Ke6 82. Kg5 Kd6 83. Kf6 Nb5 84. Kxf5 Kc5 85. Ke6
Kxb4 86. Kd7 Kc5 87. f5 Nd6 88. c7 Kd5 89. f6 Ke5 90. f7 1-0

[Event "Laval op"]
[Site "Laval CAN"]
[Date "2014.06.20"]
[Round "1"]
[White "Demchenko, Svitlana"]
[Black "Lacroix, Serge"]
[Result "0-1"]
[WhiteElo "1512"]
[BlackElo "1636"]
[PlyCount "82"]
[EventDate "2014.06.20"]
[EventType "swiss"]
[EventRounds "5"]
[EventCountry "CAN"]

1. e4 e5 2. Nf3 Nc6 3. d4 exd4 4. Bc4 Bc5 5. c3 Qf6 6. O-O Ne5 7. Nxe5 Qxe5 8.
Qb3 Nh6 9. Bxh6 gxh6 10. Bxf7+ Kf8 11. Qd5 d6 12. Qxe5 dxe5 13. Bd5 c6 14. Bc4
b5 15. Be2 Rg8 16. cxd4 Bxd4 17. Nc3 Bh3 18. Bf3 Ke7 19. Kh1 Raf8 20. Rab1 Rxf3
21. gxh3 Rxh3 22. Ne2 Rd3 23. Nxd4 Rxd4 24. Rg1 Rg6 25. Rxg6 hxg6 26. Rg1 g5
27. f3 Rd3 28. Rg3 Kd6 29. Rh3 Rd1+ 30. Kg2 Rd2+ 31. Kg3 Rxb2 32. Rxh6+ Kc5 33.
Re6 Kd4 34. Rxc6 Rxa2 35. Rd6+ Kc5 36. Rd5+ Kc4 37. Rxe5 b4 38. Rxg5 b3 39. Rg8
Ra6 40. Kf4 b2 41. Rc8+ Kb3 0-1

[Event "Montreal CC-ch"]
[Site "Montreal CAN"]
[Date "2014.06.13"]
[Round "2"]
[White "Abdelaal, Ibrahim"]
[Black "Lacroix, Serge"]
[Result "1/2-1/2"]
[WhiteElo "1813"]
[BlackElo "1644"]
[PlyCount "73"]
[EventDate "2014.06.01"]
[EventType "swiss"]
[EventRounds "5"]
[EventCountry "CAN"]

1. e4 e5 2. Nf3 Nc6 3. d4 exd4 4. Bc4 Bc5 5. c3 Qf6 6. O-O Nge7 7. Bg5 Qg6 8.
Bxe7 Bxe7 9. cxd4 d6 10. Re1 Bh3 11. g3 h5 12. d5 Ne5 13. Nxe5 dxe5 14. Bb5+
Kf8 15. Nc3 h4 16. Qf3 Bg4 17. Qg2 hxg3 18. hxg3 Qh5 19. Be2 Bxe2 20. Rxe2 a5
21. Ree1 Ra6 22. a3 a4 23. Rab1 Rah6 24. Nxa4 Qg5 25. b4 Qd2 26. Rf1 Qc2 27.
Nc5 Bxc5 28. bxc5 Rh1+ 29. Qxh1 Rxh1+ 30. Kxh1 Qxe4+ 31. Kg1 Qxd5 32. Rfe1 g6
33. a4 e4 34. a5 e3 35. fxe3 Qf3 36. Kh2 Qf2+ 37. Kh3 1/2-1/2

[Event "Montreal CC-ch"]
[Site "Montreal CAN"]
[Date "2014.06.14"]
[Round "3"]
[White "Lacroix, Serge"]
[Black "Cloutier, Mathieu"]
[Result "0-1"]
[WhiteElo "1644"]
[BlackElo "2031"]
[PlyCount "126"]
[EventDate "2014.06.01"]
[EventType "swiss"]
[EventRounds "5"]
[EventCountry "CAN"]

1. e4 c5 2. Nf3 d6 3. d4 cxd4 4. Nxd4 Nf6 5. Nc3 a6 6. Be2 e5 7. Nf3 Be7 8. O-O
O-O 9. Bg5 Be6 10. Bxf6 Bxf6 11. Nd5 Bxd5 12. Qxd5 Qc7 13. c3 Be7 14. Rfd1 Nd7
15. Nd2 Nb6 16. Qb3 Rac8 17. a4 Nd7 18. Bg4 Nc5 19. Qc2 Rcd8 20. Nb3 Ne6 21.
Nd2 Qc6 22. Bxe6 fxe6 23. Qb3 Rf6 24. Re1 Rdf8 25. Re2 Rg6 26. Qc4 Qd7 27. Rd1
Kh8 28. Nf1 Rc8 29. Qb3 Qc6 30. Rd3 Rf8 31. Rg3 Rgf6 32. Qc2 Bd8 33. Nd2 Bb6
34. Rf3 Bc7 35. Rxf6 Rxf6 36. Qb3 d5 37. exd5 exd5 38. Nf3 e4 39. Nd4 Qd7 40.
g3 Be5 41. Qd1 h5 42. f4 Bc7 43. Rd2 h4 44. Qh5+ Rh6 45. Qf5 Qe8 46. Qg4 hxg3
47. hxg3 Bb6 48. Rh2 Bxd4+ 49. cxd4 Rxh2 50. Kxh2 Qc6 51. Qh4+ Qh6 52. Qxh6+
gxh6 53. g4 Kg7 54. Kg3 Kg6 55. b4 b5 56. axb5 axb5 57. Kh4 Kf6 58. Kg3 Kf7 59.
Kf2 Kg6 60. Kg3 h5 61. f5+ Kg5 62. gxh5 Kxf5 63. h6 Kg6 0-1

[Event "Montreal CC-ch"]
[Site "Montreal CAN"]
[Date "2014.06.15"]
[Round "4"]
[White "Jacquet, Stephane"]
[Black "Lacroix, Serge"]
[Result "1/2-1/2"]
[WhiteElo "2087"]
[BlackElo "1644"]
[PlyCount "111"]
[EventDate "2014.06.01"]
[EventType "swiss"]
[EventRounds "5"]
[EventCountry "CAN"]

1. d4 Nf6 2. c4 g6 3. Nc3 d5 4. cxd5 Nxd5 5. e4 Nxc3 6. bxc3 c5 7. Bc4 Bg7 8.
Ne2 O-O 9. O-O cxd4 10. cxd4 Nc6 11. Be3 Bg4 12. f3 Bd7 13. Rb1 Na5 14. Bd5 e6
15. Bxb7 Nxb7 16. Rxb7 Bc6 17. Rb2 Qa5 18. Qb3 h5 19. Qc3 Qa6 20. Rc1 Bb5 21.
Kf2 Rac8 22. Qb4 Bxe2 23. Rxc8 Rxc8 24. Rxe2 Bf8 25. Qb2 Qd6 26. g3 Bg7 27. Qb7
Rc7 28. Qa8+ Kh7 29. d5 exd5 30. Qxd5 Qa6 31. h3 Qa4 32. g4 Rd7 33. Qb3 Qxb3
34. axb3 hxg4 35. hxg4 Rb7 36. Rd2 Bc3 37. Rd3 Bb4 38. Bd4 g5 39. Ke3 a5 40. e5
Re7 41. Ke4 Kg6 42. Bc3 f6 43. Bxb4 Rxe5+ 44. Kd4 axb4 45. Kc4 f5 46. gxf5+
Kxf5 47. Kxb4 Kf4 48. Kc4 Re3 49. b4 Rxd3 50. Kxd3 Kxf3 51. b5 g4 52. b6 g3 53.
b7 g2 54. b8=Q g1=Q 55. Qf8+ Kg2 56. Qg7+ 1/2-1/2

[Event "Mercredi 2014.05.14 ABCD"]
[Site "Montreal CAN"]
[Date "2014.05.14"]
[Round "1"]
[White "Lacroix, Serge"]
[Black "Ostaci, Liviu"]
[Result "1-0"]
[WhiteElo "1673"]
[BlackElo "1589"]
[PlyCount "84"]
[EventDate "2014.05.14"]
[EventType "tourn"]
[EventRounds "5"]
[EventCountry "CAN"]

1. e4 d6 2. d4 Nf6 3. Nc3 g6 4. f4 Bg7 5. Nf3 O-O 6. Be3 c6 7. Bd3 a6 8. a4
Nbd7 9. a5 c5 10. h3 cxd4 11. Nxd4 Nc5 12. O-O Nxd3 13. Qxd3 Nd7 14. Nb3 Nb8
15. Bb6 Qd7 16. Nd5 Nc6 17. c3 f5 18. Nc7 Rb8 19. Nd4 Nxd4 20. cxd4 fxe4 21.
Qxe4 Qf5 22. Qxe7 Rf7 23. Qd8+ Rf8 24. Qxd6 Bd7 25. Qd5+ Qxd5 26. Nxd5 Bb5 27.
Rfe1 Bc4 28. Ne7+ Kh8 29. Rac1 Bb5 30. g3 Rbe8 31. Nd5 Kg8 32. Re7 Bc6 33. Rxe8
Rxe8 34. Nb4 Bd7 35. g4 Bh6 36. Nd5 Bg7 37. Rc7 Bc6 38. Ne7+ Kf8 39. Nxc6 bxc6
40. Bc5+ Kg8 41. Kf2 Re4 42. Kf3 Re6 1-0

[Event "Mercredi 2014.05.14 ABCD"]
[Site "Montreal CAN"]
[Date "2014.05.21"]
[Round "2"]
[White "Jacques, Simon"]
[Black "Lacroix, Serge"]
[Result "1-0"]
[WhiteElo "1684"]
[BlackElo "1673"]
[PlyCount "90"]
[EventDate "2014.05.14"]
[EventType "tourn"]
[EventRounds "5"]
[EventCountry "CAN"]

1. e4 e5 2. Nc3 Nf6 3. f4 exf4 4. e5 Ng8 5. Nf3 d6 6. Bc4 Be6 7. Bxe6 fxe6 8.
Qe2 dxe5 9. Qxe5 Qd6 10. Qe4 c6 11. d4 Nf6 12. Qxf4 Qxf4 13. Bxf4 Bb4 14. Bd2
Nbd7 15. O-O Bxc3 16. Bxc3 Ne4 17. Rae1 Ndf6 18. Bb4 a5 19. Ba3 O-O-O 20. Be7
Rde8 21. Bxf6 Nxf6 22. Ng5 Kd7 23. Re5 h6 24. Nh3 b6 25. Nf4 Ng4 26. Re2 g5 27.
Ng6 Rhg8 28. Ne5+ Nxe5 29. dxe5 Rgf8 30. Rd1+ Ke7 31. Rd6 Rd8 32. Red2 b5 33.
Rxd8 Rxd8 34. Rxd8 Kxd8 35. Kf2 c5 36. Kg3 h5 37. h4 gxh4+ 38. Kxh4 a4 39. c3
Kd7 40. Kxh5 Kc6 41. Kg6 Kd7 42. Kf6 b4 43. cxb4 cxb4 44. g4 a3 45. bxa3 bxa3
1-0

[Event "Mercredi 2014.04.02 ABCD"]
[Site "Montreal CAN"]
[Date "2014.04.02"]
[Round "1"]
[White "Zumsteg, Nicolas"]
[Black "Lacroix, Serge"]
[Result "1/2-1/2"]
[WhiteElo "1719"]
[BlackElo "1714"]
[PlyCount "97"]
[EventDate "2014.04.02"]
[EventType "tourn"]
[EventRounds "5"]
[EventCountry "CAN"]

1. d4 d5 2. e4 dxe4 3. Nc3 e5 4. Nxe4 Qxd4 5. Bd3 Nc6 6. Ne2 Qd8 7. Be3 Be7 8.
c3 Nf6 9. N2g3 Nxe4 10. Bxe4 Qxd1+ 11. Rxd1 Be6 12. b3 g6 13. Bh6 Rg8 14. h4 f5
15. Bxc6+ bxc6 16. Bg5 a5 17. Ne2 a4 18. Nc1 axb3 19. axb3 Kf7 20. c4 Rgd8 21.
Ke2 Rxd1 22. Rxd1 Ra1 23. Nd3 Ra2+ 24. Rd2 Rxd2+ 25. Kxd2 Bxg5+ 26. hxg5 e4 27.
Ne5+ Kg7 28. Nxc6 h6 29. gxh6+ Kxh6 30. Ke3 Kg5 31. g3 Kf6 32. Kd4 g5 33. b4 f4
34. gxf4 gxf4 35. Kxe4 Bxc4 36. Kxf4 Ke6 37. Nd4+ Kd5 38. Ke3 c5 39. bxc5 Kxc5
40. Ke4 Kd6 41. Kf5 Ke7 42. Nc6+ Kf8 43. Kf6 Bd5 44. Ne5 Ba2 45. f4 Bb1 46. Nc4
Bc2 47. Ne3 Bb1 48. f5 Bxf5 49. Nxf5 1/2-1/2

[Event "Mercredi 2014.04.02 ABCD"]
[Site "Montreal CAN"]
[Date "2014.04.09"]
[Round "2"]
[White "Lacroix, Serge"]
[Black "Brassard, Sylvain"]
[Result "1/2-1/2"]
[WhiteElo "1714"]
[BlackElo "1717"]
[PlyCount "150"]
[EventDate "2014.04.02"]
[EventType "tourn"]
[EventRounds "5"]
[EventCountry "CAN"]

1. e4 Nf6 2. e5 Nd5 3. d4 d6 4. Nf3 Bg4 5. exd6 exd6 6. Be2 Be7 7. c4 Nf6 8.
Nc3 O-O 9. O-O Nbd7 10. Be3 Nb6 11. b3 d5 12. c5 Nbd7 13. Qc2 c6 14. b4 Re8 15.
a4 Bf8 16. b5 g6 17. h3 Bxf3 18. Bxf3 Bg7 19. bxc6 bxc6 20. Rfb1 Nf8 21. Rb7
Ne6 22. Rab1 Qa5 23. Ne2 Nd8 24. R7b4 Ne6 25. Rb7 Nd8 26. R7b4 Nd7 27. Nf4 Nf8
28. Kh2 Nfe6 29. Nxe6 Nxe6 30. g4 Qc7+ 31. Kg2 Rab8 32. Qd2 Rxb4 33. Rxb4 Rb8
34. Rxb8+ Qxb8 35. g5 Bf8 36. Bg4 Qb1 37. f3 Qb3 38. a5 Be7 39. h4 Bd8 40. Bxe6
fxe6 41. a6 Qc4 42. Bf4 Qxa6 43. Be5 Qb7 44. Qf4 Qf7 45. Qc1 a5 46. Qd1 Qb7 47.
Qa4 Kf7 48. Kg3 Ke8 49. f4 Kd7 50. h5 Qb4 51. Qc2 a4 52. hxg6 hxg6 53. Qxg6
Qb3+ 54. Kh4 Qb7 55. Qf7+ Kc8 56. Qxe6+ Qd7 57. Qg6 a3 58. Qd3 Qa7 59. Qg6 Qd7
60. Qb1 Qa7 61. Qf5+ Qd7 62. Qd3 Qa7 63. Qg6 Qd7 64. Qc2 Qa7 65. Qa2 Qa4 66.
Kh5 Kd7 67. f5 Qd1+ 68. Kg6 Qd3 69. Qh2 Kc8 70. Bf6 Bxf6 71. gxf6 Qxd4 72. Qh8+
Kb7 73. Qg7+ Ka6 74. Qf8 Qg4+ 75. Kf7 Qh5+ 1/2-1/2

[Event "Mercredi 2014.04.02 ABCD"]
[Site "Montreal CAN"]
[Date "2014.04.16"]
[Round "3"]
[White "Khudaverdian, Berj"]
[Black "Lacroix, Serge"]
[Result "0-1"]
[WhiteElo "1698"]
[BlackElo "1714"]
[PlyCount "62"]
[EventDate "2014.04.02"]
[EventType "tourn"]
[EventRounds "5"]
[EventCountry "CAN"]

1. e4 e5 2. Nf3 Nf6 3. d3 Nc6 4. Nbd2 Bc5 5. Be2 O-O 6. O-O d5 7. h3 Qe7 8. a3
h6 9. b4 dxe4 10. dxe4 Bd4 11. Nxd4 Nxd4 12. Bd3 Rd8 13. Bb2 Be6 14. Bxd4 Rxd4
15. Qe2 Rdd8 16. Nf3 Bd7 17. Nd2 a5 18. b5 c6 19. b6 Be6 20. Rfb1 Nd7 21. Nc4
Bxc4 22. Bxc4 Nc5 23. Rd1 Rxd1+ 24. Rxd1 Rd8 25. Rxd8+ Qxd8 26. Qf3 Qe7 27. Qf5
Nd7 28. Bd3 Nxb6 29. f4 g6 30. Qxe5 Qxe5 31. fxe5 Nd7 {...} 0-1

[Event "Mercredi 2014.04.02 ABCD"]
[Site "Montreal CAN"]
[Date "2014.04.23"]
[Round "4"]
[White "Baran, Marius"]
[Black "Lacroix, Serge"]
[Result "1-0"]
[WhiteElo "1649"]
[BlackElo "1714"]
[PlyCount "87"]
[EventDate "2014.04.02"]
[EventType "tourn"]
[EventRounds "5"]
[EventCountry "CAN"]

1. e4 e5 2. d4 exd4 3. c3 d5 4. exd5 Qxd5 5. Nf3 Nc6 6. Be2 Nf6 7. O-O dxc3 8.
Nxc3 Qxd1 9. Rxd1 Bd7 10. Bf4 O-O-O 11. Nb5 Ne8 12. Ng5 Bd6 13. Nxd6+ Nxd6 14.
Bxd6 cxd6 15. Nxf7 Kc7 16. Nxh8 Rxh8 17. Rac1 Re8 18. Bd3 g6 19. Re1 Rf8 20. a3
Kb6 21. Be4 Rf4 22. Rcd1 Kc7 23. Bd5 Ne5 24. Re4 Rf6 25. f4 Nc6 26. Rde1 Bf5
27. R4e3 h5 28. g3 Nd4 29. Re7+ Bd7 30. Kg2 Nc6 31. Rg7 h4 32. Rf7 Rxf7 33.
Bxf7 hxg3 34. hxg3 Bf5 35. Be6 Bd3 36. g4 Nd4 37. Bd5 Ne2 38. Kf3 Nd4+ 39. Kf2
Nc6 40. Be4 Bc4 41. Bxg6 Kd7 42. g5 Nd4 43. Re4 Bd3 44. Be8+ 1-0

[Event "Mercredi 2014.04.02 ABCD"]
[Site "Montreal CAN"]
[Date "2014.04.14"]
[Round "5"]
[White "Lacroix, Serge"]
[Black "Millette, Sylvain"]
[Result "0-1"]
[WhiteElo "1714"]
[BlackElo "1735"]
[PlyCount "142"]
[EventDate "2014.04.02"]
[EventType "tourn"]
[EventRounds "5"]
[EventCountry "CAN"]

1. e4 Nf6 2. e5 Nd5 3. d4 d6 4. exd6 exd6 5. Nf3 Nc6 6. c4 Nb6 7. Be2 Be7 8.
Nc3 Bf6 9. O-O Bg4 10. Be3 O-O 11. b3 Re8 12. Qd2 a5 13. a4 Nb4 14. Rfd1 Qe7
15. h3 Bxf3 16. Bxf3 c6 17. Ne4 d5 18. Nxf6+ Qxf6 19. c5 Nd7 20. Bf4 Qg6 21.
Bc7 Qc2 22. Qxc2 Nxc2 23. Rac1 Nb4 24. Re1 Rec8 25. Bd6 Nd3 26. Bg4 Nxc1 27.
Rxc1 Rd8 28. Bc7 Nf6 29. Bxd8 Nxg4 30. Bxa5 Nxf2 31. Kxf2 Rxa5 32. Ke3 Kf8 33.
Kd3 Ke7 34. Re1+ Kd7 35. g4 Ra8 36. h4 f6 37. Kc3 g6 38. Kb4 Re8 39. Rf1 Re4
40. Rxf6 Ke7 41. Rf3 Rxd4+ 42. Ka5 Rxg4 43. Rh3 Kd7 44. b4 Re4 45. h5 g5 46.
Rf3 Rf4 47. Rg3 h6 48. b5 g4 49. bxc6+ Kxc6 50. Rb3 Kxc5 51. Rb5+ Kd4 52. Rxb7
Rf5 53. Rg7 Rxh5 54. Rxg4+ Kc5 55. Ka6 Rg5 56. Rh4 h5 57. Kb7 Rg4 58. Rxh5 Rxa4
59. Rg5 Rb4+ 60. Kc7 Rh4 61. Kd7 Rh6 62. Rf5 Kc4 63. Rf1 d4 64. Rc1+ Kd3 65.
Rd1+ Ke3 66. Re1+ Kd2 67. Re4 d3 68. Rd4 Kc3 69. Rd5 Rh4 70. Ke6 d2 71. Rc5+
Rc4 0-1

[Event "Mauricie op U2000"]
[Site "Trois-Rivieres CAN"]
[Date "2014.03.14"]
[Round "1"]
[White "Lacroix, Serge"]
[Black "Adam, Dany"]
[Result "1-0"]
[WhiteElo "1791"]
[BlackElo "1602"]
[PlyCount "95"]
[EventDate "2014.03.14"]
[EventType "swiss"]
[EventRounds "5"]
[EventCountry "CAN"]

1. e4 c5 2. Nf3 Nc6 3. d4 cxd4 4. Nxd4 d6 5. Nc3 Nf6 6. Be2 a6 7. O-O e5 8. Nb3
Be6 9. Bg5 Be7 10. Bxf6 Bxf6 11. Nd5 Bxd5 12. Qxd5 Qc7 13. c3 O-O 14. Rad1 Rad8
15. a4 Bg5 16. Nd2 Ne7 17. Qb3 Rfe8 18. Qc4 Qxc4 19. Nxc4 d5 20. Nxe5 f6 21.
Nf3 dxe4 22. Nxg5 fxg5 23. Rxd8 Rxd8 24. Rd1 Rxd1+ 25. Bxd1 Nd5 26. Kf1 g6 27.
Bc2 Nb6 28. b3 Nd5 29. c4 Nc3 30. Ke1 e3 31. fxe3 Kg7 32. Kd2 Na2 33. Bb1 Nb4
34. Kc3 a5 35. c5 Kf6 36. Be4 Ke5 37. Bxb7 h5 38. c6 Nd5+ 39. Kd2 Kd6 40. e4
Nf4 41. g3 Ne6 42. b4 axb4 43. a5 Kc7 44. e5 g4 45. a6 Kb6 46. Kd3 g5 47. Kc4
b3 48. Kxb3 1-0

[Event "Mauricie op U2000"]
[Site "Trois-Rivieres CAN"]
[Date "2014.03.15"]
[Round "2"]
[White "Zumsteg, Nicolas"]
[Black "Lacroix, Serge"]
[Result "1-0"]
[WhiteElo "1674"]
[BlackElo "1791"]
[PlyCount "99"]
[EventDate "2014.03.14"]
[EventType "swiss"]
[EventRounds "5"]
[EventCountry "CAN"]

1. d4 d5 2. c4 e5 3. dxe5 d4 4. Nf3 Nc6 5. e3 Bb4+ 6. Bd2 dxe3 7. fxe3 Bxd2+ 8.
Nbxd2 Nge7 9. Qb3 Ng6 10. O-O-O O-O 11. Bd3 Qe7 12. h3 Ngxe5 13. Bc2 Be6 14.
Nxe5 Nxe5 15. Qxb7 Rab8 16. Qe4 Ng6 17. Nf3 Rfd8 18. Ne5 Rxd1+ 19. Rxd1 Qb4 20.
b3 Qc3 21. Qd4 Qxd4 22. exd4 Nxe5 23. dxe5 g6 24. Be4 h5 25. h4 Kf8 26. Kc2 Bg4
27. Bf3 Bf5+ 28. Kc3 Ke7 29. Rd5 Rb6 30. a4 Bg4 31. Bxg4 hxg4 32. Rd4 Ke6 33.
Rxg4 Kxe5 34. Rg5+ Ke4 35. Rc5 c6 36. a5 Ra6 37. b4 f5 38. g4 f4 39. h5 f3 40.
hxg6 f2 41. Rf5 c5 42. bxc5 Rxg6 43. Rxf2 Rxg4 44. Re2+ Kf5 45. Kb4 a6 46. c6
Rg6 47. Kc5 Rg1 48. c7 Rg8 49. Kb6 Rc8 50. Kb7 1-0

[Event "Mercredi 2014.02.19"]
[Site "Montreal CAN"]
[Date "2014.02.19"]
[Round "1"]
[White "Dumouchel, Alain"]
[Black "Lacroix, Serge"]
[Result "1-0"]
[WhiteElo "1914"]
[BlackElo "1791"]
[PlyCount "62"]
[EventDate "2014.02.19"]
[EventType "tourn"]
[EventRounds "5"]
[EventCountry "CAN"]

1. e4 c5 2. Nf3 Nc6 3. d4 cxd4 4. Nxd4 d6 5. Nc3 Nf6 6. Be2 e6 7. Be3 Be7 8.
O-O O-O 9. f4 Bd7 10. Kh1 a6 11. Qe1 Qc7 12. Qg3 b5 13. a3 Nxd4 14. Bxd4 Kh8
15. Rad1 Bc6 16. Rd3 Rg8 17. Bf3 Rad8 18. Qf2 Rb8 19. g4 b4 20. axb4 Rxb4 21.
g5 e5 22. gxf6 exd4 23. Na2 Rxb2 24. fxe7 Rxa2 25. Qxd4 Qxe7 26. Rb1 Bxe4 27.
Qxe4 Qxe4 28. Bxe4 Rxc2 29. Rxd6 Re2 30. Bd3 Rd2 31. Rg1 Re8 1-0

[Event "Mercredi 2014.02.19"]
[Site "Montreal CAN"]
[Date "2014.02.26"]
[Round "2"]
[White "Lacroix, Serge"]
[Black "Gauthier, Luc"]
[Result "1-0"]
[WhiteElo "1791"]
[BlackElo "1838"]
[PlyCount "79"]
[EventDate "2014.02.19"]
[EventType "tourn"]
[EventRounds "5"]
[EventCountry "CAN"]

1. e4 Nf6 2. Nc3 d5 3. exd5 Nxd5 4. Nxd5 Qxd5 5. d4 Nc6 6. Nf3 Bf5 7. c3 e6 8.
Bd3 Bxd3 9. Qxd3 O-O-O 10. O-O Qh5 11. Bf4 Bd6 12. Bxd6 Rxd6 13. Rfe1 Rhd8 14.
Rad1 e5 15. Qb5 Rg6 16. Nxe5 Nxe5 17. Qxe5 Qf3 18. g3 Rf6 19. Qe2 Qf5 20. Rd3
Re6 21. Re3 Rde8 22. Rxe6 Rxe6 23. Qd2 Rxe1+ 24. Qxe1 Kd7 25. Qd1 Qe4 26. Qa4+
c6 27. Qd1 g6 28. h4 h5 29. Kh2 f5 30. Qb3 Qf3 31. Qxb7+ Ke6 32. Qb3+ Kf6 33.
Qc2 f4 34. Qd2 fxg3+ 35. fxg3 Kg7 36. c4 Qf1 37. b3 Qf6 38. d5 Qd6 39. Qd4+ Kh6
40. Qf4+ 1-0

[Event "Mercredi 2014.02.19"]
[Site "Montreal CAN"]
[Date "2014.03.05"]
[Round "3"]
[White "Barko, Maxim"]
[Black "Lacroix, Serge"]
[Result "1-0"]
[WhiteElo "1889"]
[BlackElo "1791"]
[PlyCount "145"]
[EventDate "2014.02.19"]
[EventType "tourn"]
[EventRounds "5"]
[EventCountry "CAN"]

1. d4 d5 2. Nf3 c5 3. e3 Nc6 4. Nbd2 Nf6 5. a3 cxd4 6. Nxd4 Bg4 7. Be2 Bxe2 8.
Qxe2 e6 9. Nxc6 bxc6 10. e4 Be7 11. O-O O-O 12. Re1 dxe4 13. Nxe4 Nxe4 14. Qxe4
Qd5 15. Bf4 Rfd8 16. Qe2 Qf5 17. Be3 Rd5 18. c3 Rad8 19. Red1 a5 20. Rd4 h5 21.
h3 Rb8 22. Rad1 Rb3 23. c4 Rxd4 24. Bxd4 h4 25. Bc3 a4 26. Qd2 Bf6 27. Bxf6
Qxf6 28. Qd8+ Qxd8 29. Rxd8+ Kh7 30. Ra8 Rxb2 31. Rxa4 Rb1+ 32. Kh2 Rb2 33. Kg1
g5 34. Kf1 Kg6 35. Ra6 c5 36. Ra5 Ra2 37. Rxc5 Rxa3 38. Ke2 f5 39. Rc6 Kf6 40.
Rc7 Ke5 41. Rg7 Kf4 42. Rd7 Rc3 43. Rc7 Rc2+ 44. Ke1 e5 45. c5 Rc1+ 46. Ke2 Rg1
47. c6 Rxg2 48. Rb7 Rg1 49. Kd2 Rf1 50. c7 Rxf2+ 51. Kd1 Rf1+ 52. Kd2 Rf2+ 53.
Kc1 Rf1+ 54. Kb2 Rf2+ 55. Kb1 Rf1+ 56. Kb2 Rf2+ 57. Kb1 Rf1+ 58. Kc2 Rf2+ 59.
Kc1 Rf1+ 60. Kc2 Rf2+ 61. Kb1 Rf1+ 62. Kb2 Rf2+ 63. Kc3 Rf1 64. Rb2 Rf3+ 65.
Kc4 Rf1 66. Rc2 Rf3 67. c8=Q Rxh3 68. Rf2+ Ke3 69. Qc5+ Ke4 70. Qd5+ Ke3 71.
Qd2+ Ke4 72. Qe2+ Re3 73. Qc2+ 1-0

[Event "Mercredi 2014.02.19"]
[Site "Montreal CAN"]
[Date "2014.03.12"]
[Round "4"]
[White "Lacroix, Serge"]
[Black "Gunapalan, David"]
[Result "0-1"]
[WhiteElo "1791"]
[BlackElo "1834"]
[PlyCount "26"]
[EventDate "2014.02.19"]
[EventType "tourn"]
[EventRounds "5"]
[EventCountry "CAN"]

1. e4 e5 2. f4 d5 3. exd5 exf4 4. Nf3 Qxd5 5. Nc3 Qh5 6. Bb5+ Nc6 7. O-O Bd7 8.
d4 O-O-O 9. Bxf4 Nf6 10. Bxc6 Bxc6 11. Ne5 Be8 12. Qd3 Bc5 13. Ne2 Bb6 {...}
0-1